Instituciones estalladas /

Đã lưu trong:
Chi tiết về thư mục
Tác giả chính: Fernández, Ana María
Tác giả của công ty: UBA
Tác giả khác: comp
Định dạng: Texto
Được phát hành: Buenos Aires: Eudeba
Phiên bản:2
Những chủ đề:
Các nhãn: Thêm thẻ
Không có thẻ, Là người đầu tiên thẻ bản ghi này!

MARC

LEADER 00000 a a2200000 04500
001 30253
003
040
020 |a 950-23-0901-4  
090 |a 194503  
100 |a Fernández, Ana María  
110 |a UBA  
245 |a Instituciones estalladas /  |c Ana María Fernández 
250 |a 2  
260 |a Buenos Aires:   |b Eudeba  
300 |a 458 p.  
650 |a CUERPO HUMANO  
650 |a SOCIEDAD E INDIVIDUO  
650 |a TEORIA SOCIAL  
650 |a PSICOANALISIS  
700 |a comp.  
999 |c 10403  |d 10403